| 000 | 00423nam a22001697a 4500 | ||
|---|---|---|---|
| 003 | CEME | ||
| 005 | 20210628203602.0 | ||
| 008 | 210121b xxu||||| |||| 00| 0 eng d | ||
| 040 | _cceme | ||
| 082 | _a519.72 HAD | ||
| 100 |
_aHadley, G _939120 |
||
| 245 | _aLinear programming | ||
| 260 |
_aRAWALPINDI _bNATIONAL BOOK FOUNDATION _c2007 |
||
| 300 | _aXII,519 P | ||
| 650 |
_aLINEAR PROGRAMMING _910838 |
||
| 942 |
_cBK _2ddc |
||
| 999 |
_c574369 _d574369 |
||